000
00243nam a22001217a 4500
041
_a
ENG
100
_a
Mane.L
245
_a
Upara
260
_a
Mubai
_b
Granthali Prakashan
_c
2010
300
_a
154
650
_a
Marathi
856
_u
Marathi ( 33 )
999
_c
2227
_d
2227